000 00304nam a2200121Ia 4500
008 240624s9999 xx 000 0 und d
041 _aeng
082 _a823 JOS
100 _aKAKKAR S B
245 _aMISS LAILA ARMED AND DANGEROUS
260 _c2017
_aNew York
_bHarper Collins Publishers
365 _cRS
999 _c30231
_d30231